Quizzes
Events
Quiz Creation
Community
Videos
Private Events
Remove Ads
Sign In
Join for FREE
Feedback
Dark Mode
Quiz Categories
Sports
Geography
Music
Movies
Television
Just For Fun
Miscellaneous
History
Literature
Language
Science
Gaming
Entertainment
Religion
Holiday
For Kids
Quiz Lab
Recent
Popular Today
Quiz Kudos Today
Editor Picks
Curator Picks
Quizzes by...
Day
Popularity
Type
Ratings
Length
Year
Community
Subscriptions
Recent Discussions
Orange Saloon
Badges
Playlists
Quests
Create
Leaderboards
Showdown
Live 5
Trivia Bingo
Activity
Puzzle Library
Sporcle Events
Private Events
Virtual Trivia
Globe League
Become a Host
Pub Owners
SporcleCon
Opinionation
Our Games
Videos
Blog
Mobile Apps
Partnerships
Remove Ads and Go Orange
Feedback
History
US Presidents
World Leaders
Politics
Nation
Discovery
War
Decade
Year
Century
Biography
Art
History
US Presidents
World Leaders
Politics
Nation
Discovery
War
Decade
Year
Century
Biography
Art
Random Quiz
Search Sporcle
×
Quiz Lab
Quiz Lab
History
pitt
Type in answers that appear in a list
Type in answers that appear in a list
Classic
Best Score? Go Orange.
Profile: William Pitt the Younger Stats
Can you name the Answers to Questions About William Pitt the Younger?
By
JamesSnell
10m
18 Questions
71 Plays
71 Plays
71 Plays
Comments
Comments
Give Quiz Kudos
Give Quiz Kudos
-
- Ratings
hide this ad
Replay
Link that replays current quiz
Next Quiz
Link to next quiz in quiz playlist
You Got
0%
They Got
Avg Score
44%
Avg Friend Score
Upgrade to see
Score Distribution
Jump to the score distribution portion of the page
Score
0/18
Timer
10:00
0
Plays Today
Hint
Answer
% Correct
Father:
The Earl of Chatham
82.6%
How Old Was He When He Became Prime Minister For The First Time?
24
76.8%
Who Was King When He Was PM?
George III
76.8%
Age at Death:
46
68.1%
What Political Belief Do Scholars Think He Was?
Tory
65.2%
Who Was His Predecessor As PM?
Duke of Portland
55.1%
Date of Birth:
28 May 1759
49.3%
Date of Death:
23 January 1806
49.3%
Location of Death:
Putney Heath, London
46.4%
Hint
Answer
% Correct
When Was His Maiden House of Commons Speech?
26 February 1781
46.4%
Who Was His Successor As PM the First Time?
Henry Addington
44.9%
What Did He Call Himself?
Independent Whig
44.9%
Who Was His Successor As PM the Second Time?
William Grenville
42%
Place of Birth:
Hayes, Kent
15.9%
Mother:
Hester Grenville
15.9%
Which Cambridge College Did He Go To?
Pembroke College
14.5%
Famous Last Words:
Oh, my country! How I love my country
5.8%
Who Was Always Joint MP for Cambridge University With Him?
George FitzRoy, 4th Duke of Grafton
2.9%
Quiz Playlist
Details
Report
Send in Message
Add To Playlist
Classic:
Type in answers that appear in a list
Quiz Source
Last Updated: Feb 16, 2017
Quiz Scoreboard
CHALLENGE
Sign Up to Join the Scoreboard
Show All
Scores
Hide
Comments
May contain spoilers
Recently Published
Alphabetical 'K' Countries by Flag Minefield
by ylime102
Geography
3m
Pick 6: Fruits
by JohnFran
Miscellaneous
15s
Click the 1999 NBA Draft
by nibperrychub
Sports
2m
More to Explore
Quiz From the Vault
Featured Blog Post
15 Basketball Trivia Facts You Can Be March Mad About
hide this ad
You Might Also Like...
Tags
pitt
profile
William
Younger
Today's Top Quizzes in History
Browse History
hide this ad
Top Contributed Quizzes in History
1
George Washington, This Is Your Life
2
Julius Caesar, This Is Your Life
3
Harriet Tubman, This Is Your Life
4
John F. Kennedy, This Is Your Life
5
Joseph Stalin, This Is Your Life
6
I Am Born On March 18th
7
John Adams, This Is Your Life
8
Jimmy Carter, This Is Your Life
9
Ancient Greece Key Terms
10
Hungarian Territorial Losses (1920)
Explore More
Trending Topics
Marvel
Kpop
Crossword
Harry Potter
NBA
Disney
Anime
Soccer
WWE
The Office
Song
Pokémon
Country
NFL
Puzzle
hide this ad
More By:
JamesSnell
Quiz
Plays
Rating
Category
Featured
Created
25th December Quiz
1,926
4.42
History
Dec 20, 2011
The Five Good Roman Emperors
1,237
4.61
History
Feb 9, 2011
Roman Emperor Trivia
859
4.78
History
Aug 25, 2011
World's Largest Empires of the Modern Era
753
2.29
History
Jan 13, 2011
Ancient Roman Trivia Quiz
618
5.00
History
Feb 7, 2011
Go to Creator's Profile
Score Distribution
Quiz Creator Spotlight
JamesSnell
Follow
Send a Message
Quizzes Created
-
Created Quiz Play Count
-
More By This Creator
Popular Quizzes Today
1
Find the US States - No Outlines Minefield
2
Countries of Asia Without Outlines Minefield
3
Pick 6: Fruits
4
Alphabetical 'K' Countries by Flag Minefield
5
The Countries of the World
6
Click the 1999 NBA Draft
7
Find the US States
8
Match the Book to the Film X
More History Quizzes
Memorable Women Born in 1995
Quiz Lab
Trending Quizzes
Pick 6: Harry Potter
Pick 6: Golfers
Pick 6: Movie Franchises
Pick 6: Foods
Pick 6: Landmarks
Recently Updated
Women's Final Four Teams by Year
bhenderson79
Presidents Quartet II
eogle
Anything But Clue(do)
eogle
Anything But Oceanian Capitals
eogle
Anything But 7
eogle
Anything But Thing
eogle
Word Ladder: February 29
pecheneg
Song Title Questions
pecheneg
Women's NCAA Tournament #1 Seeds
pecheneg
Celebrity Mug Shots
pecheneg
Trending Topics
Kpop
Marvel
Crossword
NBA
Anime
Disney
Harry Potter
NFL
WWE
Song
The Office
Country
Pokémon
Soccer
Puzzle
Your Account Isn't Verified!
In order to create a playlist on Sporcle, you need to verify the email address you used during registration. Go to your
Sporcle Settings
to finish the process.
Report this User
Report this user for behavior that violates our
Community Guidelines
.
Details:
Send Report
Go to the Sporcle.com Mobile Site →
Comments